Brat - Album (Charli XCX) - Statistics

General Stats
  • This quiz has been taken 297 times
  • The average score is 14 of 18
Answer Stats
Hint Answer % Correct
1. 360
99%
15. 365
96%
6. Von dutch
92%
17. Guess
89%
11. Apple
88%
3. Sympathy is a knife
85%
2. Club classics
82%
10. Girl, so confusing
82%
5. Talk talk
80%
12. B2b
74%
7. Everything is romantic
73%
13. Mean girls
70%
18. Spring breakers
65%
4. I might say something stupid
63%
9. So I
63%
8. Rewind
60%
14. I think about it all the time
58%
16. Hello goodbye
50%
No matching quizzes found
Score Distribution
Percent of People with Each Score
Percentile by Number Answered
Your Score History
You have not taken this quiz